000 00660nam a22002297a 4500
001 467
005 20230425131125.0
008 230425b cb ||||| |||| 00| 0 eng d
020 _a708431223318
040 _aFISKH
_beng
_cFISKH
_dFISKH
050 _aPZ7.C985
082 _a813.6
100 _aBarchers, Suzanne
245 _aI spy in the sky
_cStory by Suzanne Barchers
260 _aEmeryville.
_bLeap Frog.
_c2009.
300 _a29 pages :
_bcolor illustrations ;
_c23 cm.
505 _aD
520 _aThe second series of six books that teaches children reading fundamentals.
521 _a280
_bLexile
521 _aD
_bRaz-Plus
942 _2ddc
_cBK
_n0
999 _c467
_d467